LEADER 01160nam a2200193 i 4500 001 000000220237 003 CaOOAMICUS 005 20130506000000.0 008 130506s1758 xx u000 u lat u 013 $a199134 026 $am.am u-e- e-a- duos (3) 1758 (R) 040 $aSeMil$bita 245 10$aTomus 2. 300 $a743, [1] p. 500 $aFregi xilogr. - Segn. : A-5A4. 773 0 $aGrotius, Hugo <1583-1645>$tHugonis Grotii De jure belli ac pacis libri tres, cum annotatis auctoris, nec non J.F. Gronovii notis, & J. Barbeyracii animadversionibus; commentariis insuper locupletissimis Henr. L.B. De Cocceii ... sub titulo Grotii Illustrati antea editis, nunc ad calcem cujusque capitis adjectis: insertis quoque observationibus Samuel L.B. De Cocceii ... Adduntur tandem ipsius Grotii dissertatio De mari libero, ac libellus singularis De aequitate, indulgentia et facilitate. Cum quibusdam notis criticis.$dLausanne : Sumptibus Marci-Michaelis Bousquet & Sociorum, 1758-1759.$g2$w()28480 850 $aSeMil 852 $aSeMil$W1$xVenegono$y1$m2O V 46 FA$j170593$B170593$CSeMilBibl$Z2$F181183 $8I 996 $6245$aTomus 2$9(OLS)http://semarc/title/93022 LEADER 00907nam a2200241 i 4500 001 000000105103 003 CaOOAMICUS 005 20020205000000.0 008 020205s1971 be u000 u lat u 013 $a77292 040 $aSeMil$bita 245 10$a[Pars altera Homiliae 36. 300 $aP. 417-814. 490 0 $aCorpus Christianorum. Series Latina ;$v101.A 700 0 $aEusebius : Gallicanus.$0(OLS)http://semarc/name/1455 773 0 $aEusebius : Gallicanus$tCollectio homiliarum.$dTurnholti : Brepols, 1970-1971.$w()1610 830 0$aCorpus Christianorum. Series Latina ;$v101.A.$0(OLS)http://semarc/title/37 850 $aSeMil 852 $aSeMil$W1$xVenegono$y1$mSL2.J II 101/A$j61374$B61374$CSeMilBibl$Z2$F70693 $8I 900 0 $aEusebio : di Emesa. 961 $aSottoscrizione: Brepols 996 $6245$a[Pars altera Homiliae 36$9(OLS)http://semarc/title/152214